Memorias de un Oficial de Marina inglés al servicio de Chile durante los años de 1821-1829

Tallennettuna:
Bibliografiset tiedot
Päätekijä: Vowell, Richard Longeville (autor)
Muut tekijät: Medina, José Toribio autor
Aineistotyyppi: Kirja
Kieli:espanja
Julkaistu: Santiago Imprenta Universitaria 1923
Painos:1a. ed
Aiheet:
Tagit: Lisää tagi
Ei tageja, Lisää ensimmäinen tagi!

MARC

LEADER 00000nam a2200000 a 4500
001 UCJ3794
003 CL-VaPUC
005 20241217105903.0
008 070124e19230000CL |||||||||||||||||spa|d
999 |c 319916  |d 319914 
040 |c Pontificia Universidad Católica de Valparaíso 
082 0 4 |a 983  |b MED  |2 21 
100 1 |a Vowell, Richard Longeville  |9 444519  |e autor 
245 1 0 |a Memorias de un Oficial de Marina inglés al servicio de Chile durante los años de 1821-1829 
246 1 0 |a Campaigns and cruises in Venezuela and New Granada, and in the Pacific Ocean; from 1817 to 1830: with the narrative of a march from River Orinoco to San Buenaventura on the coast of Chocó; and sketches of the West Coast of South America from the Gulf of California, to the archipielago of Chiloé. Also Tales of Venezuela: Illustrative of revolutionary men, manners and incidents 
250 |a 1a. ed 
260 |a Santiago  |b Imprenta Universitaria  |c 1923 
300 |a xi, 248 p 
500 |a 8º, media pasta.- Anteport.- v. en bl.- Port.- v. en bl.- ¿Quién fué el autor de este libro?.- Chiappa-Feliú Cruz, Nº 295.- Este libro constituye la parte referida a Chile de la obra en tres volúmenes citada con su título original en inglés en esta pantalla; figuró como anónima en numerosos catálogos y su autor, Richard Longeville Vowel, fue pesquisado por Dn. José Toribio Medina 
500 |a Traducción de J. T. Medina 
583 |a last modification  |c 20180403 04:39:09  |k Rodrigo Vera 
650 0 |a Historia de Chile  |9 265473 
650 0 |a Guerra de la independencia   |9 331979 
650 0 |a Ciudades  |9 265474 
650 0 |a Desastres naturales  |9 269276 
650 0 |a Costumbres y tradiciones   |9 268292 
650 0 |a Problemas sociales  |9 258537 
650 0 |a Recursos naturales  |9 255232 
650 0 |a Administración pública   |9 255343 
650 0 |a Fiestas religiosas  |9 349319 
650 0 |a Flora y fauna  |9 338564 
700 |a Medina, José Toribio  |d autor  |9 864577 
942 |c BK  |2 ddc 
945 |d 20070124 00:00:00  |a rinostro 
952 |0 0  |1 0  |4 0  |6 983_000000000000000_MED_1923  |7 0  |8 X  |9 398321  |a FDOBUD  |b FDOBUD  |d 2019-11-22  |i 1008315  |o 983 MED 1923  |p 1008315  |r 2019-11-22  |w 2019-11-22  |y BK_X  |k BUD